000 00566nam a2200217Ia 4500
003 OSt
005 20230505153439.0
008 210423s2001 xx 000 0 und d
020 _a8171990487
040 _cAL
041 _aeng
082 _a361.3
_223
_bSINS
100 _aSINGH (K)
_999063
245 _aSocial work theory and practice
260 _aLucknow
_bPrakashan Kendra
_c2001
365 _b42
_cINR
650 _aSocial Problems & Services
_999064
650 _aSocial Work
_999065
906 _apractice ; Social ; theory ; work
942 _2ddc
_cBK
999 _c171407
_d171407